000 00863nam a22003137a 4500
001 BR2011007182
003 BR-BrBNA
005 20230928103809.0
007 ta
008 230509b bl.||||| |||| 00| 0 por d
040 _aBR-BrBNA
_bpor
_cBiblioteca Nacional de Agricultura
041 _a(Por)
072 _aB50; E40
_b9410
090 _ 9410 BR2011007182
100 1 _aMeireles, A.J.
245 1 _aA integração inacabada: ensaios sobre política e planejamento na empresa cooperativa
250 1 _a1. ed.
260 3 _aSão Paulo, SP (Brasil):
_bEd. Barleus,
_c2009.
300 _a219 p.
500 _a30 illus
650 _aLATICÍNIO
650 _aHISTÓRIA
650 _aCOOPERATIVISMO
650 _aECONOMIA
650 _aPLANEJAMENTO ESTRATÉGICO
650 _aINTEGRAÇÃO
909 _a202309
_bLucia
_c55
_dLucia Elande
942 _cBK
999 _c76681
_d76681